000 nam a22 7a 4500
999 _c29127
_d29127
008 171108b xxu||||| |||| 00| 0 eng d
020 _a9966854886
050 _aPE 1128 .D68 2014
100 _aDaniel, Rotich
_d2014.
245 _aDevelopment of Educational Publishing in Kenya/
_bImplications of Market Liberalisation.
_cDaniel, Rotich
250 _a1st ed.
260 _aKenya:
_bKijabe printing press,
_c2014.
300 _axiv, 170p. : ill.
_bincudes bibliographical references.
_c24cm
650 _aEducational publishing
942 _2lcc
_cBOOKS
_hPE 1128 .D68 2014